000 00540nam a2200181Ia 4500
008 240729s9999 xx 000 0 und d
022 _a2305-7823
245 0 _aGlobal Cardiology Science & Practice
260 _aQatar
260 _bMagdi Yacoub Institute
650 _a Diseases of the circulatory (Cardiovascular) system
650 _a Internal medicine
650 _a Specialties of internal medicine
650 _aMedicine
856 _uhttps://doaj.org/toc/462020c97ab2490580d527b841a3bf99
942 _2ddc
942 _cDOAJEJ
999 _c70325
_d70325
945 _a1
_bMadushi Gamage
_c1
_dMadushi Gamage